[Event "St Petersburg-ch Seniors Blitz (Women)"]
[Site "St Petersburg"]
[Date "2022.10.05"]
[Round "3"]
[White "Vasiukova, Ekaterina"]
[Black "Sorokina, Tamara"]
[Result "0-1"]
[WhiteElo "1692"]
[BlackElo "1928"]
[PlyCount "64"]
[EventDate "2022.10.05"]
[EventType "swiss (blitz)"]
[EventRounds "11"]
[EventCountry "RUS"]
[SourceTitle "CBM 210 Extra"]
[Source "ChessBase"]
[SourceDate "2022.11.30"]
[SourceVersion "1"]
[SourceVersionDate "2022.11.30"]
[SourceQuality "1"]

1. d4 Nf6 2. Bf4 e6 3. e3 c5 4. Nf3 cxd4 5. Nxd4 a6 6. Nc3 d5 7. Bd3 Nc6 8. Nxc6 bxc6 9. 0-0 Be7 10. a3 c5 11. Be2 0-0 12. b3 Bb7 13. Bf3 Rc8 14. a4 c4 15. Ne2 Qb6 16. Nd4 Rfd8 17. a5 Qa7 18. Qd2 Nd7 19. Bg3 Nc5 20. b4 Ne4 21. Bxe4 dxe4 22. c3 Bf6 23. Qc2 Bd5 24. Ne2 e5 25. Rfd1 Bc6 26. Rxd8+ Rxd8 27. Rd1 Rd3 28. Nc1 Rd7 29. Rxd7 Qxd7 30. Ne2 Qd3 31. Qxd3 exd3 32. Bxe5 dxe2 0-1

[Event "EU-ch Seniors 65 (Women)"]
[Site "Rhodes"]
[Date "2019.04.07"]
[Round "2"]
[White "Sorokina, Tamara"]
[Black "Burchardt, Brigitte"]
[Result "1/2-1/2"]
[WhiteElo "2051"]
[BlackElo "2136"]
[PlyCount "59"]
[EventDate "2019.04.06"]
[EventType "tourn"]
[EventRounds "9"]
[EventCountry "GRE"]
[SourceTitle "CBM 189 Extra"]
[Source "ChessBase"]
[SourceDate "2019.06.03"]
[SourceVersion "1"]
[SourceVersionDate "2019.06.03"]
[SourceQuality "1"]

1. d4 d5 2. Nf3 Nf6 3. e3 Bf5 4. Be2 h6 5. 0-0 Nbd7 6. c4 e6 7. Nc3 Be7 8. Qb3 dxc4 9. Bxc4 Nb6 10. Be2 0-0 11. a3 c6 12. Bd2 Bd6 13. Rfd1 Qe7 14. Be1 Rac8 15. h3 Rc7 16. Bf1 Nfd5 17. Bd3 Bxd3 18. Rxd3 Nxc3 19. Bxc3 Nd5 20. e4 Nxc3 21. Rxc3 Rd7 22. Rd3 Rfd8 23. Rad1 Bb8 24. Qc2 a6 25. g3 Qf6 26. Kg2 Qg6 27. Qe2 Qh5 28. Qc2 Qg6 29. Qe2 Qh5 30. Qc2 1/2-1/2

[Event "Bled Planinc Memorial 1st"]
[Site "Bled"]
[Date "2018.11.24"]
[Round "3"]
[White "Lederman, Leon S"]
[Black "Sorokina, Tamara"]
[Result "1-0"]
[WhiteElo "2255"]
[BlackElo "2058"]
[PlyCount "73"]
[EventDate "2018.11.24"]
[EventType "swiss (blitz)"]
[EventRounds "9"]
[EventCountry "SLO"]
[SourceTitle "CBM 187 Extra"]
[Source "ChessBase"]
[SourceDate "2018.11.04"]
[SourceVersion "1"]
[SourceVersionDate "2018.11.04"]
[SourceQuality "1"]

1. e4 c5 2. Nf3 e6 3. d4 cxd4 4. Nxd4 a6 5. Bd3 Ne7 6. 0-0 Nbc6 7. Nf3 d6 8. c4 g6 9. Bd2 Bg7 10. Bc3 e5 11. Bd2 0-0 12. Nc3 Be6 13. Nd5 Bxd5 14. cxd5 Nd4 15. Nxd4 exd4 16. Qb3 Qd7 17. Rac1 Rac8 18. Qb4 f5 19. f3 fxe4 20. fxe4 Rxc1 21. Bxc1 Nc8 22. Rxf8+ Kxf8 23. h3 Be5 24. Bh6+ Kg8 25. Be2 Kh8 26. Bg4 Qd8 27. Qxb7 Ne7 28. Qxa6 Ng8 29. Bd2 Nf6 30. Bf3 Qf8 31. b4 Nh5 32. Bxh5 gxh5 33. Qe2 Bf4 34. Qf3 Be3+ 35. Bxe3 Qxf3 36. gxf3 dxe3 37. Kf1 1-0

[Event "Wch Seniors 65 (Women) 28th"]
[Site "Bled"]
[Date "2018.11.22"]
[Round "5"]
[White "Serjmyadag, Damdin"]
[Black "Sorokina, Tamara"]
[Result "1/2-1/2"]
[WhiteElo "1864"]
[BlackElo "2058"]
[PlyCount "76"]
[EventDate "2018.11.18"]
[EventType "swiss"]
[EventRounds "11"]
[EventCountry "SLO"]
[SourceTitle "CBM 187 Extra"]
[Source "ChessBase"]
[SourceDate "2018.11.04"]
[SourceVersion "1"]
[SourceVersionDate "2018.11.04"]
[SourceQuality "1"]

1. e4 e6 2. d4 c5 3. Nf3 cxd4 4. Nxd4 a6 5. Be3 Ne7 6. Bd3 Nbc6 7. c3 d5 8. 0-0 Nxd4 9. Bxd4 Nc6 10. e5 Nxd4 11. cxd4 Qb6 12. Qd2 Be7 13. Nc3 Bd7 14. Ne2 0-0 15. Rab1 Rac8 16. Nc3 g6 17. Be2 Rc7 18. a3 Rfc8 19. f4 f5 20. g4 Be8 21. Kh1 Kh8 22. gxf5 gxf5 23. Rg1 Bf7 24. Qe3 Bf8 25. Bd3 Bg6 26. Be2 Rg7 27. b4 Qc6 28. Rbc1 Qe8 29. Bf3 Rgc7 30. Ne2 Bh6 31. Rc5 Bf8 32. Rxc7 Rxc7 33. Rc1 Rg7 34. Ng3 Rd7 35. Rc3 Bh6 36. Qc1 Kg7 37. Kg2 Qe7 38. Rc8 Bf7 1/2-1/2

[Event "Wch Seniors 65 (Women) 28th"]
[Site "Bled"]
[Date "2018.11.20"]
[Round "3"]
[White "Fatalibekova, Elena"]
[Black "Sorokina, Tamara"]
[Result "1/2-1/2"]
[WhiteElo "2161"]
[BlackElo "2058"]
[PlyCount "41"]
[EventDate "2018.11.18"]
[EventType "swiss"]
[EventRounds "11"]
[EventCountry "SLO"]
[SourceTitle "CBM 187 Extra"]
[Source "ChessBase"]
[SourceDate "2018.11.04"]
[SourceVersion "1"]
[SourceVersionDate "2018.11.04"]
[SourceQuality "1"]

1. e4 c5 2. Nf3 e6 3. d4 cxd4 4. Nxd4 a6 5. Nc3 Ne7 6. Be3 Ng6 7. Qd2 Bb4 8. a3 Be7 9. f4 Nc6 10. Nxc6 bxc6 11. Na4 d6 12. Be2 0-0 13. 0-0 c5 14. c4 Rb8 15. Rab1 Bb7 16. Nc3 Qc7 17. g3 Rfd8 18. Bf3 Bf8 19. Bg2 Ne7 20. f5 Nc6 21. f6 1/2-1/2

[Event "Wch Seniors 65 (Women) 25th"]
[Site "Acqui Terme"]
[Date "2015.11.14"]
[Round "4"]
[White "Gaprindashvili, Nona"]
[Black "Sorokina, Tamara"]
[Result "1/2-1/2"]
[WhiteElo "2299"]
[BlackElo "2116"]
[PlyCount "118"]
[EventDate "2015.11.10"]
[EventType "tourn"]
[EventRounds "9"]
[EventCountry "ITA"]
[SourceTitle "CBM 169 Extra"]
[Source "ChessBase"]
[SourceDate "2015.12.18"]
[SourceVersion "1"]
[SourceVersionDate "2015.12.18"]
[SourceQuality "1"]

1. d4 Nf6 2. c4 e6 3. Nc3 d5 4. Nf3 c6 5. Qb3 Bd6 6. g3 Nbd7 7. Bg2 0-0 8. 0-0 Qe7 9. a4 dxc4 10. Qxc4 e5 11. a5 exd4 12. Nxd4 Ne5 13. Qa4 Bd7 14. Qc2 Rac8 15. Nf5 Bxf5 16. Qxf5 h6 17. Ne4 Nxe4 18. Bxe4 g6 19. Qh3 h5 20. a6 b5 21. Qg2 f5 22. Bc2 Ng4 23. Bd3 Kh7 24. h3 Nf6 25. Be3 Nd5 26. Bd2 Bb4 27. Bf4 Rfe8 28. Rac1 Qe6 29. Rfd1 Bf8 30. Bd2 Bg7 31. Rc2 Bh6 32. Ba5 Nf6 33. Bc3 Ne4 34. Bd4 Re7 35. Bxe4 fxe4 36. Bc5 Rf7 37. g4 Bf4 38. Kh1 h4 39. Rd4 Re8 40. e3 Bb8 41. Rcd2 Qe5 42. b4 Qe6 43. Kg1 Be5 44. Qxe4 Bh2+ 45. Kxh2 Qxe4 46. Rxe4 Rxe4 47. Rd6 Rxf2+ 48. Kg1 Ra2 49. Bd4 Rxa6 50. Kf2 Re7 51. g5 Ra4 52. Rd8 Rg7 53. Bxg7 Kxg7 54. Rd7+ Kf8 55. Rc7 Rxb4 56. Rxc6 a5 57. Rxg6 a4 58. Ra6 Kf7 59. Kf3 a3 1/2-1/2

[Event "Teplice op 10th"]
[Site "Teplice"]
[Date "2015.06.19"]
[Round "7"]
[White "Freisler, Pavel"]
[Black "Sorokina, Tamara"]
[Result "1/2-1/2"]
[WhiteElo "2285"]
[BlackElo "2127"]
[PlyCount "94"]
[EventDate "2015.06.13"]
[EventType "swiss"]
[EventRounds "9"]
[EventCountry "CZE"]
[SourceTitle "EXT 2017"]
[Source "ChessBase"]
[SourceDate "2016.10.25"]
[SourceVersion "1"]
[SourceVersionDate "2016.10.25"]
[SourceQuality "1"]

1. Nf3 Nf6 2. c4 e6 3. g3 d5 4. Bg2 c6 5. Qc2 Nbd7 6. d4 Bd6 7. Nbd2 h6 8. 0-0 0-0 9. e4 dxe4 10. Nxe4 Nxe4 11. Qxe4 Nf6 12. Qe2 c5 13. Rd1 Qc7 14. dxc5 Bxc5 15. Bf4 Qb6 16. Ne5 g5 17. Bd2 Bd4 18. Nf3 e5 19. Nxd4 exd4 20. Qd3 Bg4 21. Re1 Rfe8 22. b4 Rad8 23. c5 Qc7 24. Rxe8+ Nxe8 25. Qe4 Bc8 26. h4 f5 27. Qf3 Qg7 28. hxg5 hxg5 29. Qh5 g4 30. Bh6 Nf6 31. Bxg7 Nxh5 32. Be5 Ng7 33. Rd1 Ne6 34. Bb8 a6 35. Be5 Kf7 36. Kf1 a5 37. bxa5 Nxc5 38. Rxd4 Rxd4 39. Bxd4 Ne4 40. Ke2 Be6 41. a3 Bd5 42. Ke3 Ke6 43. Bf1 Nd6 44. Kf4 Bc4 45. Bg2 Bd5 46. Bf1 Bc4 47. Bg2 Bd5 1/2-1/2